000 00641nam a22002177a 4500
003 UA-OsUOA
001 122289
007 ta
008 20170424b un ||||| |||| 00| 0 ukr d
100 _aМовчанюк В.
090 _a82
_bМ74
942 _cSA
040 _aUA-OsUOA
_bukr
_cUA-OsUOA
_dUA-OsUOA
245 _aШевченкова ідея України і "Книги буття українського народу" М. Костомарова
300 _aС.3-16
955 _a0
041 _aukr
080 _a82
773 0 _w122288
650 7 _a82 Література. Літературознавство
_2UDC
999 _c408489
_d408489